000
00367nam a2200157Ia 4500
008
240830s1919 xx 000 0 und d
041
_a
hin
082
_a
1
100
_a
SARASWATINADAN
245
_a
VARNJAL-CHIKITS SHIKASHAK
250
_a
2
260
_a
SANGALI
_b
N.D.
_c
1919
300
_a
100p
906
_a
VARNJAL-CHIKITS SHIKASHAK
999
_c
1183894
_d
1183894